=LDR 00000nam 2200000 4500 =001 INLIS000000000030418 =005 20130612132550 =008 ***********************************Ind** =035 ##$$0010-061300000030418 =041 ##$$a Ind =082 ##$$a F Rom D =090 ##$$a F Rom D, Ish k =100 ##$$a Iskandar, Nur St =245 ##$$a Karena mentua, Nur St Iskandar =260 ##$$a 2002 $b Jakarta =300 ##$$a 236 hlm, 21 cm =650 ##$$a Fiksi Dewasa =850 ##$$a NBPNMAT =990 ##$$a 93066/BPAP-NTB/2014 =990 ##$$a 0001/BPAP-NTB/2016